Sports Quiz

Random Sports or Cricket Quiz

Cricket according to the letter J Quiz Stats

 Plays Quiz not verified by Sporcle

Score 0/50 Timer 10:00
0 Plays Today
Hint Answer % Correct
FIRST BOWLERS TO 50 TEST WICKETSMitchell Johnson
88.6%
FIRST BOWLER TO 10 T20 INT. WICKETSMitchell Johnson
88.6%
FIRST BOWLERS TO 50 TEST WICKETSIan Johnson
88.3%
FIRST 4 UMPIRES TO STAND IN 10 TESTSMel Johnson
88.3%
FIRST BOWLERS TO 50 TEST WICKETSSimon Jones
86.1%
FIRST 4 WICKET KEEPERS TO 50 TEST CATCHESGeraint Jones
86.1%
FIRST BATSMEN TO 1500 TEST RUNSDean Jones
85.9%
FIRST BATSMEN TO 1500 TEST RUNSAndrew Jones
85.7%
FIRST BOWLERS TO 50 TEST WICKETSErnie Jones
85.7%
FIRST 3 TOWNS/CITIES TO HOST A TEST MATCHJohannesburg
78.5%
THE PLAYERS PICTURED ABOVEChris Jordan
78%
FIRST 4 UMPIRES TO STAND IN 10 TESTSCortez Jordan
77.8%
FIRST BATSMEN TO 1500 TEST RUNSMahela Jayawardene
77.2%
FIRST BATSMEN TO 1500 TEST RUNSPrasanna Jayawardene
77.2%
FIRST BATSMAN TO 300 T20 INT. RUNSMahela Jayawardene
77.2%
FIRST 4 WICKET KEEPERS TO 50 TEST CATCHESPrasanna Jayawardene
77.2%
THE PLAYERS PICTURED ABOVESteve James
77.2%
FIRST BATSMEN TO 1500 TEST RUNSSanath Jayasuriya
77.1%
FIRST BOWLERS TO 50 TEST WICKETSSanath Jayasuriya
77.1%
FIRST BATSMAN TO 300 T20 INT. RUNSSanath Jayasuriya
77.1%
FIRST BOWLER TO 10 T20 INT. WICKETSSanath Jayasuriya
77.1%
FIRST 2 NATIONS TO BECOME ICC MEMBERSJapan
75.8%
THE PLAYERS PICTURED ABOVERavindrasinh Jadeja
73%
FIRST 3 TOWNS/CITIES TO HOST A TEST MATCHJaipur
68.8%
FIRST 3 ENGLAND CRICKETERS TO 15 CAPSStanley Jackson
68.4%
Hint Answer % Correct
FIRST BOWLER TO 10 T20 INT. WICKETSTrent Johnston
68.3%
FIRST BOWLERS TO 50 TEST WICKETSBill Johnston
68.1%
FIRST BOWLERS TO 50 TEST WICKETSAaqib Javed
63.5%
THE PLAYERS PICTURED ABOVEBrendon Julian
61.5%
FIRST BATSMEN TO 1500 TEST RUNSRidley Jacobs
61.1%
FIRST 4 WICKET KEEPERS TO 50 TEST CATCHESRidley Jacobs
61.1%
FIRST BOWLER TO 10 T20 INT. WICKETSKyle Jarvis
60.9%
THE PLAYERS PICTURED ABOVEPhil Jaques
58.3%
FIRST 2 NATIONS TO BECOME ICC MEMBERSJersey
57.8%
THE PLAYERS PICTURED ABOVEWill Jefferson
56.1%
FIRST BATSMEN TO 1500 TEST RUNSWasim Jaffer
55.2%
THE PLAYERS PICTURED ABOVETerry Jenner
50.6%
FIRST BOWLERS TO 50 TEST WICKETSBernard Julien
49.7%
FIRST IPL BOWLER TO 40 WICKETSShadab Jakati
48.8%
FIRST BATSMAN TO 300 T20 INT. RUNSNasir Jamshed
48.6%
FIRST PLAYER TO BE CAPPED BY BANGLADESHTalha Jubair
48.1%
THE PLAYERS PICTURED ABOVESylvester Joseph
46.1%
FIRST BATSMAN TO 300 T20 INT. RUNSEd Joyce
43.7%
FIRST 3 TOWNS/CITIES TO HOST A TEST MATCHJalandhar
43.3%
FIRST 3 ENGLAND CRICKETERS TO 15 CAPSGilbert Jessop
42.4%
FIRST 4 UMPIRES TO STAND IN 10 TESTSBapu Joshi
41.8%
FIRST 3 ENGLAND CRICKETERS TO 15 CAPSDouglas Jardine
40.4%
FIRST BATSMEN TO 1500 TEST RUNSMotganhalli Jaisimha
39.4%
FIRST 4 WICKET KEEPERS TO 50 TEST CATCHESBarry Jarman
28.3%
FIRST 4 UMPIRES TO STAND IN 10 TESTSArani Jayaprakash
28.1%

You're not logged in!

Compare scores with friends on all Sporcle quizzes.
OR
Log In

Show Comments

Extras

Top Quizzes Today


Score Distribution

Your Account Isn't Verified!

In order to create a playlist on Sporcle, you need to verify the email address you used during registration. Go to your Sporcle Settings to finish the process.

Report this User

Report this user for behavior that violates our Community Guidelines.

Details: